Trump ou Biden - Statistiques

Statistiques générales
  • Ce quiz a été pris 274 fois
  • Le résultat moyen est 3 sur 5
Statistiques - réponses
Question Réponse % Correct
Lequel a le plus d'enfants Donald Trump
92%
Le(s)quel(s) a(ont) plus de 1 000 000 $ US Les deux
83%
Lequel a eu le plus d'épouses Donald Trump
58%
Le(s)quel(s) fait(font) parti du même parti politique que Barack Obama lorsque ce dernier est devenu Président Joe Biden
58%
Le(s)quel(s) a(ont) plus de 75 ans Joe Biden
17%
Aucun quiz correspondant
Distribution des résultats
% des personnes avec chaque résultat
Percentile par nombre de réponses
Votre historique - résultats
Vous n’avez pas pris ce quiz